00495nam a22001577a 4500008004100000040001800041041000800059100003600067245005900103260004700162300001700209500004800226650002000274650002300294650002000317130821s1896 enk gr eng  aCo-BoUCMbspa00aeng aShakespeare, WilliamD1564-161600aShakespeare's tragedy of PericlescWilliam Shakespeare aLondres (Inglaterra)bJ.M. Dent Sonsc1896 a128páginas aIncluye glosario y notas al final del texto04aComedia inglesa04aLiteratura inglesa04aTeatro inglés